[Event "WchT 8th"]
[Site "Ningbo"]
[Date "2011.07.21"]
[Round "5.3"]
[White "Mamedyarov, Shakhriyar"]
[Black "Efimenko, Zahar"]
[Result "1/2-1/2"]
[WhiteElo "2765"]
[BlackElo "2706"]
[Annotator "Krasenkow,M"]
[PlyCount "70"]
[EventDate "2011.07.17"]
[EventType "team-tourn"]
[EventRounds "9"]
[EventCountry "CHN"]
[SourceTitle "CBM 144"]
[Source "ChessBase"]
[SourceDate "2011.09.16"]
[SourceVersion "1"]
[SourceVersionDate "2011.09.16"]
[SourceQuality "1"]
[WhiteTeam "Azerbaijan"]
[BlackTeam "Ukraine"]
[WhiteTeamCountry "AZE"]
[BlackTeamCountry "UKR"]

1. d4 Nf6 2. c4 e6 3. Nc3 Bb4 4. Qc2 O-O 5. e4 d5 6. e5 Ne4 7. Bd3 c5 8. Nf3 {
For this line - see CBM 130, annotations to Kasimdzhanov - Bacrot, and CBM 140,
annotations to Zhao Xue - Chiburdanidze by GM A.Mikhalchishin.} cxd4 9. Nxd4
Nd7 10. Bf4 Qh4 (10... Ndc5 {is more common (and better, according to
Mikhalchishin) - see Mamedyarov - Ganguly. However, the present game seems to
prove equality for Black after the text move.}) 11. g3 Qh5 (11... Qh3 12. O-O-O
Nxc3 (12... Bxc3 $5 13. bxc3 Nb6 (13... Ndc5 14. Bf1 Qh5 15. f3 Ng5 16. h4 Nxf3
17. Be2 {1-0 Howell,D (2625)-Adair,J (2212)/Sheffield ENG 2011/The Week in
Chess 874}) 14. Bf1 (14. Nf3 Bd7) 14... Qh5 {needs checking}) 13. bxc3 Ba3+ 14.
Kb1 Nb6 15. Bf1 Qh5 16. Be2 Qg6 (16... Qh3 17. Nf3 dxc4 $5 (17... Qf5 18. Qxf5
exf5 19. cxd5 $16) (17... Nxc4 18. Ng5 Qh6 19. h4 Be7 20. Ka1 Na3 (20... b5 21.
Bd3 {A.Mikhalchishin}) 21. Qc1 Bd7 22. h5 Nc2+ 23. Kb1 Na3+ 24. Kb2 Bb5 25.
Bxb5 Nxb5 26. Ka1 g6 27. hxg6 Qxg6 28. Nxh7 $16 {1-0 Ganguly,S (2634)-Meier,G 
(2664)/Paks 2009/CBM 133 (38)}) 18. Nh4 Nd5 19. Rd4 $1 Be7 $1 20. Bg5 $1 Bxg5
21. Bg4 Qxg4 22. Rxg4 Be7 23. Rxc4 b5 24. Rd4 Bb7 $44 {1-0 Zhao Xue (2474)
-Chiburdanidze,M (2502)/Antakya 2010/CBM 140/[Mikhalchishin,A] (40)}) 17. Bd3 (
17. Qxg6 hxg6 18. Nb5 Bc5 19. Nc7 Rb8 20. cxd5 exd5 $132 {0-1 Savina,A (2383)
-Kovanova,B (2376)/Olginka 2011/CBM 141 Extra (38)}) 17... Qh5 18. Be2 (18. g4
$5 Qxg4 19. Qd2 $44 {[%cal Yh1g1,Gg1g7,Yd1g1]}) 18... Qg6 19. Bd3 Qh5 20. Be2 {
1/2 Kasimdzhanov,R (2695)-Bacrot,E (2728)/Nalchik 2009/CBM 130/[Krasenkow]})
12. O-O (12. Be2 Qg6 13. a3 Bc5 14. Rd1 f6 15. Nxe4 dxe4 16. Nxe6 Bxf2+ $1 17.
Kd2 Re8 18. Nc7 fxe5 19. Nxa8 exf4 20. gxf4 Nc5 $36 {1-0 Parligras,M (2626)
-Naiditsch,A (2716)/Sarajevo BIH 2011/The Week in Chess 861 (46)}) (12. h4 f6
13. cxd5 exd5 14. Qb3 Nxc3 15. bxc3 fxe5 16. Qxd5+ Kh8 17. cxb4 Nf6 18. Qc5 Bg4
19. Be2 exd4 20. Qxh5 Bxh5 21. Be5 Bxe2 22. Kxe2 Rfe8 $11 {1/2 Sethuraman,S 
(2547)-Venkatesh,M (2434)/New Delhi 2010/CBM 139 Extra (26)}) (12. Bxe4 dxe4
13. Qxe4 Bxc3+ 14. bxc3 Nc5 15. Qe2 Qg6 16. Rd1 Bd7 17. f3 $6 (17. O-O Rac8 $44
) 17... Ba4 18. Ra1 Rac8 19. O-O Qd3 $15 {1/2 Krush,I (2452)-Friedel,J (2498)/
Berkeley 2008/CBM 127 Extra (37)}) 12... g5 $1 13. cxd5 Bxc3 (13... gxf4 14.
Bxe4 Nxe5 15. dxe6 fxe6 16. f3 (16. h4 $5) 16... Nc4 17. Qb3 Qc5 18. Rf2 Ba5
19. Nce2 Nd2 20. Bxh7+ Kxh7 21. Qd3+ Kh8 22. Qg6 Bd7 $11 {1/2 Ivanisevic,I 
(2614)-Almasi,Z (2685)/Novi Sad 2009/CBM 133 (40)}) 14. bxc3 exd5 15. Bxe4 dxe4
16. e6 gxf4 $146 {[%mdl 8]} (16... Nf6 17. Bd6 Re8 18. exf7+ Qxf7 19. f4 exf3
20. Nxf3 $14 {[%csl Rg8] 1/2 Medvegy,Z (2527)-Manik,M (2397)/Banska Stiavnica
SVK 2011/The Week in Chess 870 (29)}) 17. exd7 Bxd7 18. Qxe4 fxg3 19. fxg3 b6
$11 {Both kings are now equally unsafe.} 20. Nf5 Rae8 21. Ne7+ Kg7 22. Qd4+ f6
23. Rae1 (23. Qxd7 Qc5+) 23... Bh3 24. Rf4 Rd8 25. Rh4 Qf3 26. Qe4 Qxe4 27.
Rexe4 Rd1+ 28. Kf2 Bd7 29. Rd4 Rxd4 30. Rxd4 Be6 31. c4 Re8 32. Nd5 Rc8 33. Nf4
Bxc4 34. Rd7+ Bf7 35. Rxa7 Rc2+ 1/2-1/2

[Event "WchT 8th"]
[Site "Ningbo"]
[Date "2011.07.18"]
[Round "2.3"]
[White "Mamedyarov, Shakhriyar"]
[Black "Ganguly, Surya Shekhar"]
[Result "1-0"]
[WhiteElo "2765"]
[BlackElo "2627"]
[Annotator "Krasenkow,M"]
[PlyCount "53"]
[EventDate "2011.07.17"]
[EventType "team-tourn"]
[EventRounds "9"]
[EventCountry "CHN"]
[SourceTitle "CBM 144"]
[Source "ChessBase"]
[SourceDate "2011.09.16"]
[SourceVersion "1"]
[SourceVersionDate "2011.09.16"]
[SourceQuality "1"]
[WhiteTeam "Azerbaijan"]
[BlackTeam "India"]
[WhiteTeamCountry "AZE"]
[BlackTeamCountry "IND"]

1. d4 Nf6 2. c4 e6 3. Nc3 Bb4 4. Qc2 O-O 5. e4 d5 6. e5 Ne4 7. Bd3 c5 8. Nf3
cxd4 9. Nxd4 Nd7 10. Bf4 Ndc5 11. O-O Nxd3 12. Qxd3 Bxc3 (12... Nxc3 13. bxc3
Be7 14. Rad1 Qa5 15. cxd5 exd5 16. Qg3 Re8 17. Rd3 Bd7 18. Re3 Bf8 19. Qh4 Rac8
20. Rg3 Qxa2 21. Bh6 $40 {1-0 Morozevich,A (2755)-Leko,P (2755)/Moscow 2007/
EXT 2008 (36)}) 13. bxc3 b6 {Or else:} (13... Qh4 14. Qe3 b6 {1/2 Rezan,S 
(2423)-Zelcic,R (2539)/Zadar 2010/CBM 139 Extra (63)} 15. cxd5 exd5 16. c4 $16)
(13... Nc5 14. Qg3 Kh8 15. Rfd1 Bd7 16. cxd5 exd5 17. Nb3 Nxb3 18. axb3 Qb6 19.
c4 d4 20. Qd3 Be6 21. Bc1 a5 22. f4 $14 {1/2 Gharamian,T (2560)-Spoelman,W 
(2448)/Tilburg 2008/CBM 126 Extra (31)}) (13... Qa5 14. Rfc1 (14. cxd5 $142
exd5 15. Rfc1) 14... Qa6 15. Nb5 dxc4 (15... Bd7 $1 16. Nc7 $140 $2 Qb6) 16.
Qxc4 Bd7 17. a4 Qc6 18. Qe2 a6 19. Nd4 Qd5 20. Qe3 $14 {1-0 Krush,I (2458)
-Rubenchik,R (2299)/Philadelphia 2009/CBM 133 Extra (38)}) (13... Bd7 14. cxd5
exd5 15. c4 Qa5 16. Nb3 dxc4 17. Qxd7 cxb3 18. axb3 Qb6 19. Be3 Qxb3 20. Rab1
Qc4 21. Rxb7 Nc3 22. h3 Rad8 $11 {1/2 Shishkin,V (2513)-Warakomski,T (2499)/
Baia Sprie 2010/CBM 136 Extra (38)}) 14. cxd5 (14. Nc6 Qd7 15. cxd5 exd5 16.
Nb4 Bb7 17. f3 Nc5 18. Qd2 Rac8 19. Be3 Ne6 20. Rfd1 Rfd8 $11 {1-0 Eljanov,P 
(2716)-Karjakin,S (2727)/Moscow 2008/CBM 126 Extra (64)}) 14... Qxd5 (14...
exd5 {is quite good and perhaps better than the text move as Black,
controlling the c8-h3 diagonal, can easily parry any kingside attack:} 15. Rfd1
(15. Rfe1 Qd7 $1 16. Re3 Qa4 17. Qd1 Qxd1+ 18. Rxd1 Nc5 19. Nb5 Be6 20. Bg5
Rfc8 21. Be7 a6 22. Bxc5 axb5 23. Bxb6 {1/2 Saric,S (2452)-Bellia,F (2399)/
Milan 2010/CBM 139 Extra}) (15. Rad1 Qd7 $1) 15... Qd7 (15... Bg4 16. f3 Nc5
17. Qe3 Bd7 18. Nb3 Nxb3 19. axb3 Qc8 20. Rxd5 Be6 21. Rb5 $14 {1/2 Shishkin,V
(2516)-Itkis,B (2430)/Kiev 2010/CBM 136 Extra (30)}) (15... Re8 16. Rac1 Qd7
17. Qb1 Qg4 18. Be3 Nc5 19. f3 Qh5 20. Bf4 Bd7 $11 {1/2 Bhat,V (2547)-Kaidanov,
G (2577)/Saint Louis 2010/CBM 137 (65)}) 16. Ne2 $6 (16. a4 $5) 16... Rd8 17.
f3 Nc5 18. Qe3 Ba6 19. Ng3 Qe6 20. Rd4 Re8 21. Nh5 f6 $132 {1/2 Hernandez
Carmenates,H (2570)-Guerra Mendez,J (2450)/Balaguer ESP 2011/The Week in Chess
872 (34)}) (14... Nc5 $143 15. Qg3 Ne4 16. Qe3 exd5 17. Rfd1 Bb7 18. Nf5 Qe8 $2
19. f3 Nc5 20. Nxg7 Qd7 21. Bg5 f5 22. Bf6 Qf7 {1-0 Krush,I (2452)-Socko,M 
(2434)/Beijing 2008/CBM 126 Extra}) 15. Rfd1 (15. c4 $6 Nc5 16. Qg3 {1/2 Saric,
S (2330)-Pikula,D (2512)/Mataruska Banja 2007/CBM 118 ext (30)} Qxd4 17. Bh6 g6
18. Qf3 Qh4 $1) (15. Rfe1 Bb7 16. f3 Nc5 17. Qe3 Qc4 18. Rad1 Rac8 $132 {
1-0 Karpov,A (2651)-Mamedyarov,S (2742)/Moscow 2008/CBM 126 Extra (29)}) (15.
Rad1 Bb7 (15... Nc5 16. Qg3 Qe4 17. Rfe1 Qg6 18. Qh3 f5 19. Nb5 Bd7 20. Nd6 $14
{1/2 Vavrak,P (2487)-Jenni,F (2516)/Rogaska Slatina 2009/CBM 130 Extra (54)})
16. c4 Qa5 (16... Qd7 17. f3 Nc5 18. Qe3 Rad8 19. Rd2 f6 20. Rfd1 $14 {1/2
Bromberger,S (2504)-Rohit,G (2457)/Budapest 2008/CBM 127 Extra (47)}) 17. Nb5
Nc5 18. Qg3 Be4 19. Be3 Qxa2 20. Bxc5 bxc5 21. Nd6 Bg6 22. Qe3 Qa5 23. Ra1 Qb6
24. Ra3 a5 $132 {1/2 Neubauer,M (2452)-Lenic,L (2598)/Rijeka 2009/CBM 133
Extra (30)}) 15... Bb7 (15... Nc5 16. Qg3 Qe4 17. Nb3 (17. Nb5 Bb7 18. Nd6 Qg6
19. f3 Qxg3 20. hxg3 Bc6 21. c4 h6 22. g4 Nb7 23. Rd2 Nxd6 24. exd6 f6 25. a4
e5 26. Be3 {1-0 Krush,I (2455)-Kosintseva,N (2533)/Moscow 2010/CBM 138 Extra 
(42)} Kf7 $11) (17. f3 Qg6 18. Nb5 Ba6 (18... Bb7) 19. Nd6 Nd3 {0-1 Krush,I 
(2455)-Kosintseva,T (2515)/Moscow 2010/CBM 138 Extra (47)} 20. c4 $14 {[%csl
Ra6]}) 17... Ba6 (17... Bb7 18. f3 Qf5 19. Bh6 Qg6 20. Qxg6 hxg6 21. Nxc5 bxc5
22. Be3 Rfc8 23. Rab1 Bd5 24. Rd2 Rc7 25. Rb5 $14 {1/2 Ushenina,A (2448)
-Kosintseva,N (2493)/Ohrid 2009/CBM 132 Extra (54)}) 18. Rd4 Qg6 19. Nxc5 bxc5
20. Ra4 Bd3 21. Be3 Qxg3 22. hxg3 Rfc8 23. Ra5 $14 {1-0 Cmilyte,V (2504)
-Kosintseva,N (2567)/Tbilisi GEO 2011/The Week in Chess 862 (73)}) (15... Rd8
$5 16. c4 Qb7 17. Qc2 Bd7 18. f3 Nc5 19. Nb5 Bxb5 20. cxb5 a6 21. bxa6 Qxa6 22.
Rd6 Rdc8 $11 {1/2 Inarkiev,E (2676)-Gashimov,V (2730)/Poikovsky 2009/CBM 131 
(26)}) 16. c4 Qa5 (16... Qd7 17. f3 Nc5 18. Qe2 Ba6 19. Nb5 Qc6 20. Rd6 Qc8 {
1/2 Brunner,N (2450)-Van Wely,L (2675)/Mulhouse FRA 2011/The Week in Chess 865
(38)} 21. Be3 $14) (16... Qd8 17. f3 Nc5 18. Qe3 Qh4 (18... Qb8 19. Nb5 Bc6 20.
Nd6 Nb7 21. Bg5 Nxd6 22. exd6 Bd7 23. Be7 $14 {1/2 Gonzalez Vidal,Y (2503)
-Panchanathan,M (2556)/Badalona ESP 2011/The Week in Chess 875 (33)}) 19. Nb5
h6 (19... f5 $2 20. exf6 Qxf6 21. Bd6 Rfd8 22. Rd4 Bc6 23. Be5 Qf8 24. Bxg7 {
1-0 Fridman,D (2637)-Wells,P (2526)/Liverpool 2008/CBM 126 Extra}) 20. Nd6 Bc6
21. Rd4 Qh5 22. Bg3 Qg5 23. Qe2 $14 f5 $2 24. exf6 Rxf6 25. Rg4 Qh5 26. Qe5 $18
{1-0 Zontakh,A (2532)-Lomako,P (2431)/Lipetsk 2010/CBM 137 Extra (39)}) 17. f3
(17. Nb5 $143 Bc6 18. a4 Qb4 19. Be3 (19. Nd6 Rad8 20. f3 Nxd6 21. exd6 {
1/2 Javakhishvili,L (2473)-Kosintseva,T (2513)/Dresden 2008/CBM 128 (54)} Rfe8
$11 {[%cal Ye6e5]}) 19... Rfc8 20. Rdb1 Qe7 21. Nd6 Nxd6 22. exd6 Qb7 23. f3 e5
24. Qd2 e4 25. f4 Qa6 26. a5 bxa5 27. Rxa5 {1/2 Kasimdzhanov,R (2687)-Efimenko,
Z (2688)/Wijk aan Zee 2009/CBM 129}) 17... Nc5 18. Qe3 {Suddenly it turns out
that Black's king is poorly protected!} Qa4 (18... Rfc8 19. Nb5 Bc6 20. Nd6 Rc7
21. h4 Nd7 22. Kh2 Qc5 23. Qe1 h5 $2 24. Qg3 Nf8 25. Qg5 Ng6 26. Bg3 $16 {
[%csl Rh5] 1-0 Krush,I (2473)-Van der Wiel,J (2490)/Wijk aan Zee 2008/CBM 122 
(36)}) 19. Bg5 (19. Nb5 $5 {may be simpler:} Qxc4 20. Nd6 Qc2 (20... Qa4 21.
Rd4 Qd7 22. Ne4 Qe8 $2 23. Nf6+ gxf6 24. Bh6 Kh8 25. Bg7+ {1-0 Abbasov,F (2565)
-Ibrahimov,R (2568)/Baku 2009/CBM 128 Extra}) 21. Rac1 (21. Bg5 $5 $44) 21...
Qxa2 22. Bh6 gxh6 23. Qxh6 Nd7 (23... Qa4 $1 {, and White must apparently give
a perpetual}) 24. Nxb7 Nxe5 25. Nd6 Rfd8 26. Rd4 Qa3 27. Rcd1 $16 {1/2 Grachev,
B (2652)-Korotylev,A (2597)/St Petersburg 2009/EXT 2010 (35)}) 19... Qxc4 20.
Ne2 Ba6 $6 {A dangerous loss of time.} (20... Rfc8 21. Rd4 (21. Nf4 Na4) 21...
Qc2 22. Rad1 $44 (22. Nf4 Na4 $1)) 21. Nf4 {[%mdl 128]} ({After} 21. Bf6 h6 {
Black somehow holds his ground:} 22. Nf4 Rfc8 23. Rd4 Qc2 24. Nh5 Qb2 $1 25.
Re1 (25. Rad1 Qe2 $1 26. Qxe2 Bxe2 27. R1d2 Bxf3 $1 28. gxf3 gxf6 29. Nxf6+ Kf8
) 25... Nd3 26. Bxg7 Nxe1 27. Nf6+ Kxg7 28. Nh5+ Kh7 29. Nf6+ $11) 21... Rac8
$2 (21... Rfc8 $142 $1 $13 {as} 22. Rd4 Qc2 23. Nh5 Qe2 {is now OK for Black.})
22. Rd4 Qc2 23. Nh5 Qe2 $2 {This leads to a material loss. Black could have
escaped by subtle tactical means:} (23... Qb2 24. Rad1 Qe2 25. Qxe2 Bxe2 26.
R1d2 Bd3 $1 27. Be7 (27. R2xd3 $6 Nxd3 28. Rxd3 h6 29. Be7 Rc1+ 30. Kf2 Rfc8)
27... Rfe8 28. Bxc5 Bg6 $1 29. Nxg7 Kxg7 $11) 24. Qxe2 Bxe2 25. Be7 {The poor
rook is trapped!} f5 {Desperation.} (25... Rfe8 $2 26. Nf6+ $1) 26. exf6 Rf7
27. Nxg7 {The conclusion: 14...Qxd5 is quite risky, and 14...exd5 should be
probably preferred.} 1-0

[Event "Capablanca Memorial Elite 45th"]
[Site "Havana"]
[Date "2010.06.13"]
[Round "4"]
[White "Short, Nigel D"]
[Black "Alekseev, Evgeny V"]
[Result "1-0"]
[WhiteElo "2685"]
[BlackElo "2700"]
[Annotator "Krasenkow,M"]
[PlyCount "79"]
[EventDate "2010.06.10"]
[EventType "tourn"]
[EventRounds "10"]
[EventCountry "CUB"]
[EventCategory "18"]
[SourceTitle "CBM 137"]
[Source "ChessBase"]
[SourceDate "2010.07.15"]
[SourceVersion "1"]
[SourceVersionDate "2010.07.15"]
[SourceQuality "1"]

1. d4 Nf6 2. c4 e6 3. Nf3 b6 4. Nc3 Bb4 5. Qc2 Bb7 6. a3 Bxc3+ 7. Qxc3 O-O 8.
e3 d6 9. b4 Nbd7 10. Bb2 Ne4 11. Qb3 {For this old line - see Kramnik - Karpov
in CBM 59.} (11. Qc2 {is a more "traditional" continuation.}) 11... f5 (11...
a5 $5 {is the alternative plan; however, the opening of the a-file rather
helps White:} 12. Be2 axb4 13. axb4 Rxa1+ 14. Bxa1 Ndf6 (14... Ng5 15. d5 $1
Nxf3+ (15... exd5 16. cxd5 Qa8 17. Qc3 Nxf3+ 18. gxf3 f6 19. O-O c5 20. dxc6
Bxc6 21. e4 $16 {1-0 Wedberg,T-Akesson,R/Gausdal Int (06)/1982 (35)}) 16. Bxf3
e5 17. e4 Qe7 18. O-O Bc8 19. Bb2 Nf6 20. Ra1 Bg4 21. Bxg4 Nxg4 22. h3 Nf6 23.
Bc1 Ne8 24. Qd3 g6 25. Ra8 $16 {1-0 Mohr,S-Barbero,G/Budapest Compack/1988 (41)
}) (14... b5 15. cxb5 Ng5 16. Qc3 $1 Nxf3+ 17. gxf3 f5 18. d5 e5 19. f4 $1 Bxd5
20. Rg1 Rf7 21. Bb2 $14 {1/2 Nogueiras,J-Georgiev,Ki/Leningrad/1987 (50)}) 15.
O-O Qd7 16. b5 (16. Rd1 $5 {[%cal Yf3e1,Rf3e5] V.Kramnik}) 16... Ra8 17. Bb2
Qd8 (17... c6 18. bxc6 Qxc6 19. Rc1 $1 Nd7 20. Ne1 Qa4 21. Qxa4 Rxa4 22. f3
Nef6 23. Bd1 $1 Ra2 24. Nd3 Kf8 25. Bb3 Ra8 26. e4 $14 {1-0 Kramnik,V (2740)
-Karpov,A (2760)/Dos Hermanas 1997/CBM 059/[Kramnik] (35)}) (17... Qe8 $5 {
V.Kramnik}) 18. Qc2 Ra2 19. Ne1 Nd7 20. f3 $14 Qg5 $6 21. fxe4 Qxe3+ 22. Rf2
Bxe4 23. Qc3 $16 {1/2 Chekhov,V-Garcia Gonzales,G/Potsdam (10)/1985 (30)}) 12.
Be2 (12. d5 e5 13. Be2 g5 14. Rd1 g4 15. Nd2 Qh4 16. g3 Qg5 17. h3 Ndf6 18. Qc2
Bc8 19. Nxe4 fxe4 20. h4 Qg7 $13 {0-1 Seres,L (2483)-Kallio,H (2502)/Budapest
2002/CBM 088 ext (40)}) 12... Rf6 (12... Qe8 $5 13. O-O Rf6 14. d5 e5 15. Rad1
(15. Qc2 $142 Rh6 16. Nd2) 15... Qh5 16. Qc2 Rh6 17. h3 Qg6 18. Kh1 Ndf6 19.
Bd3 Rf8 20. Nh2 Kh8 $36 {0-1 Benderac,A (2334)-Savic,M (2542)/Sarajevo 2008/
CBM 124 Extra (23)}) (12... Qe7 13. O-O Rae8 14. d5 $5 {V.Kramnik}) 13. d5 Rg6
$6 (13... e5 $142 {but White keeps a small plus after} 14. Qc2 {[%cal Yf3d2]})
14. dxe6 Nf8 (14... Rxe6 15. Nd4 Re5 (15... Rf6 16. c5+ d5 17. c6 $1 $18) 16.
f4 Qh4+ 17. g3 Nxg3 18. hxg3 Qxh1+ 19. Kd2 Qg2 20. fxe5 Nxe5 21. Rf1 $16) 15.
c5 $1 {[%mdl 96]} Nxe6 (15... d5 16. c6 $1 Bxc6 17. Ne5 Rxe6 18. Nxc6 Rxc6 19.
Rd1 Rd6 20. Be5 $16 Rd7 $140 21. Bb5) 16. cxd6 cxd6 {After this White gets a
superior pawn structure but} (16... Nxd6 {, creating a "hole" on e5, was
hardly better.}) 17. Nd4 d5 18. Nxe6 Rxe6 19. Rd1 Qh4 (19... Qe8 $142) 20. g3
Qh6 $2 {After this move White gains material by means of a simple exchange
sacrifice.} (20... Qh3 {leads to the same}) (20... Qe7 $142 $16) 21. Rxd5 $1
Bxd5 22. Qxd5 {[%cal Rd5a8,Re2c4]} Rae8 23. Bb5 Nxf2 $5 (23... R8e7 24. Bd7)
24. Kxf2 Qxe3+ 25. Kg2 Rc8 26. Rc1 {Simpler than} (26. Bc1 Rc2+ 27. Kh3) 26...
Rxc1 27. Bxc1 Qe4+ 28. Qxe4 Rxe4 29. Kf2 $18 {[%mdl 4096] _|_ Two bishops are
much stronger here than a rook and a pawn. White's plan is now to weaken
Black's pawns on the queenside.} g6 30. Be3 Kf7 31. Bd3 Re7 32. a4 $1 Rc7 33.
a5 bxa5 34. bxa5 {[%csl Ra7]} Kf6 35. h4 Ke6 36. a6 {White must now bring his
bishop to b7 winning Black's a7 pawn.} Kd5 $6 {Black helps his opponent and
hastens his defeat.} 37. Be2 Ke4 38. Bf3+ Kd3 39. Bb7 Rc2+ 40. Kf3 1-0

[Event "Bonn GSK"]
[Site "Bonn"]
[Date "1993.??.??"]
[Round "?"]
[White "Sieglen, Joachim"]
[Black "Kveinys, Aloyzas"]
[Result "1-0"]
[WhiteElo "2365"]
[BlackElo "2555"]
[Annotator "Kveinys,A"]
[PlyCount "65"]
[EventDate "1993.??.??"]
[EventType "tourn"]
[EventRounds "9"]
[EventCountry "GER"]
[EventCategory "8"]
[SourceTitle "CBM 034"]
[Source "ChessBase"]
[SourceDate "1993.06.01"]
[SourceVersion "1"]
[SourceVersionDate "1993.06.01"]
[SourceQuality "1"]

1. d4 Nf6 2. c4 e6 3. Nc3 Bb4 4. Qc2 O-O 5. a3 Bxc3+ 6. Qxc3 b6 7. Nf3 h6 8. e3
Bb7 9. Bd3 d6 10. O-O Nbd7 11. b4 e5 12. dxe5 dxe5 13. Bf5 e4 14. Nd2 Re8 15.
Bb2 Ne5 16. Rad1 Qe7 17. Qc2 a5 18. Nxe4 (18. b5 Nd3 $2 (18... Qc5 $1 19. a4 g6
20. Bxe4 Bxe4 21. Nxe4 Nxe4 22. Qxe4 Qxc4) 19. Bxf6 Qxf6 20. Bxe4 Rxe4 (20...
Bxe4 21. Nxe4 Rxe4 22. Rxd3 $16) 21. Qxd3 Rg4 22. f3) 18... axb4 19. Nxf6+ Qxf6
20. f4 b3 21. Qe2 (21. Qxb3 Qc6 22. Rf2 Qxc4) 21... Qxf5 22. fxe5 Qe6 23. Rd4
Ra4 24. Rdf4 Ba6 25. Qh5 Rxc4 (25... Rf8 26. Rf6 gxf6 27. Rxf6 Qxc4 28. Rg6+
fxg6 29. Qxg6+ Kh8 30. Qxh6+) 26. Rxf7 Rg4 27. R1f2 c5 28. h3 Rg5 29. Qf3 Bc4
30. Rf8+ Rxf8 31. Qxf8+ Kh7 32. Qf4 Qg6 $4 33. Qxc4 1-0